Arizona Counties Quiz - Statistics

General Stats
  • This quiz has been taken 17,106 times
    17,103 since last reset
  • The average score is 10 of 15
Answers on the Map
Answers color-coded by a green-red scale on the quiz's map according to % correct below.
 
Answer Stats
Population County Seat County % Correct
3,817,117 Phoenix Maricopa
88%
195,751 Yuma Yuma
84%
107,449 Holbrook Navajo
82%
980,263 Tucson Pima
76%
71,518 St. Johns Apache
75%
134,421 Flagstaff Coconino
67%
200,186 Kingman Mohave
67%
375,770 Florence Pinal
64%
211,033 Prescott Yavapai
60%
47,420 Nogales Santa Cruz
59%
131,346 Bisbee Cochise
58%
53,597 Globe Gila
58%
8,437 Clifton Greenlee
56%
20,489 Parker La Paz
56%
37,220 Safford Graham
51%
No matching quizzes found
Score Distribution
Percent of People with Each Score
Percentile by Number Answered
Your Score History
You have not taken this quiz since the last reset